Una cuestión personal (Registro nro. 3000)

Detalles MARC
000 -ENCABEZADO
Número de control [NR] 00862nam a2200241Ia 4500
005 - FECHA Y HORA DE LA ÚLTIMA TRANSACCIÓN
control field 20211108095959.0
008 - DE LONGITUD FIJA DE DATOS DE ELEMENTOS - INFORMACIÓN GENERAL
Elementos de longitud fija [NR] 130821s2013 sp gr f spa
020 ## - NUMERO INTERNACIONAL NORMALIZADO PARA LIBROS [R]
Número Internacional Normalizado del libro [NR] 9788433931511
040 ## - FUENTE DE CATALOGACION [NR]
Agencia de catalogación original [NR] CO-BoUCM
Idioma de catalogación [NR] spa
Quien Cataloga Jose A. Gerena (modificó)
Quien Clasifica [Nuevo]
041 ## - CODIGO DE IDIOMA [R]
Código de idioma para texto/pista de sonido o título separado [R] Español
100 1# - ASIENTO PRINCIPAL--NOMBRE PERSONAL [NR]
Nombre personal [NR] Oe, Kenzaburo
ID Autoridad 68718
245 ## - MENCION DE TITULO [NR]
Título [NR] Una cuestión personal
Mención de responsabilidad, etc. [NR] Kenzaburo Oé; traducido del japonés por Yoonah Kim con la colaboración de Roberto Fernández Sastre
250 ## - MENCION DE EDICION [NR]
Mención de edición [NR] 9a ed
260 ## - PUBLICACION, DISTRIBUCION, ETC. (PIE DE IMPRENTA) [R]
Lugar de publicación, distribución, etc. [R] Barcelona (España)
Nombre del editor, distribuidor, etc. [R] Anagrama
Fecha de publicación, distribución, etc. [R] 2013
300 ## - DESCRIPCION FISICA [R]
Extensión [R] 189 páginas
650 04 - ASIENTO SECUNDARIO DE MATERIA - TERMINO TEMATICO [R]
Término temático o nombre geográfico como elemento de entrada [NR] Literatura japonesa
Subdivisión cronológica [R] Siglo XX
9 (RLIN) 18695
650 04 - ASIENTO SECUNDARIO DE MATERIA - TERMINO TEMATICO [R]
Término temático o nombre geográfico como elemento de entrada [NR] Novela japonesa
Subdivisión cronológica [R] Siglo XX
9 (RLIN) 20535
690 ## - ASUNTO AGREGADO LOCAL DE ENTRADA - TÉRMINO TEMÁTICO (OCLC, RLIN)
Acceso temático local Literatura oriental
9 (RLIN) 18717
700 ## - ASIENTO SECUNDARIO - NOMBRE PERSONAL [R]
Nombre personal [NR] Kim, Yoonah., Traductor
9 (RLIN) 68719
765 1# - ASIENTO DE IDIOMA ORIGINAL [R]
Título [NR] Kojinteki na Taiken
942 ## - ELEMENTOS DE ENTRADA AGREGADOS (KOHA)
Tipo de ítem principal el descrito en 300a Libro
Tema principal Literatura
Edición 9
Parte restante de la signatura top. O31
Título oculto en OPAC No
Sistema de clasificación DEWEY
Clasificación 895.65
Existencias
Fecha de último préstamo Total préstamos Total Renewals Signatura topográfica Código de barras Última vez visto Volúmen / Fascículo Ejemplar Costo de reposición Price effective from Tipo de ítem Perdido Sistema de clasificación Dañado No prestable Tipo de ítem específico Suprimido Ubicación habitual Ubicación actual Localización Fecha de creación Proveedor Forma de adquisición Costo
25/02/2026 14 22 895.65 O31 100146016 28/02/2026 9a.Ed. Ej.1 27131.00 24/04/2015 Libro   DEWEY     Libro   Claustro Claustro 2do piso 24/04/2015 15 Compra 27131.00